Marvel Zombies Quiz Stats

Quiz Updated Jun 20, 2014

Challenge
Share
Tweet
Score 0/30 Timer 05:00
11 Plays Today
* % Correct
Zombie Spidey
97.5%
Zombie Hulk
97.3%
Zombie Iron Man
96.6%
Zombie Wolverine
96.2%
Zombie Captain America
94.8%
Zombie Thor
93.6%
Zombie Thing
89.6%
Zombie Magneto
87%
Zombie Storm
86%
Zombie Human Torch
82.2%
Zombie Daredevil
80.3%
Zombie Green Goblin
79.7%
Zombie Silver Surfer
77.3%
Zombie Deadpool
74.7%
Zombie Angel
73.3%
* % Correct
Zombie Cyclops
72.2%
Zombie Dr. Doom
69.9%
Zombie Elektra
67.7%
Zombie Wasp
66.8%
Zombie Quicksilver
55.2%
Zombie Cable
51.1%
Zombie Black Panther
49.8%
Zombie Punisher
46.9%
Zombie Captain Britain
46%
Zombie Black Widow
42.6%
Zombie Moon Knight
41.2%
Zombie Luke Cage
40.7%
Zombie Gambit
37.3%
Zombie Mary Jane
28.3%
Zombie Morbius
22.4%

You're not logged in!

Compare scores with friends on all Sporcle quizzes.
Join for Free
OR
Log In

You Might Also Like...

Show Comments

Extras

Top Quizzes Today


Score Distribution

Your Account Isn't Verified!

In order to create a playlist on Sporcle, you need to verify the email address you used during registration. Go to your Sporcle Settings to finish the process.

Report this User

Report this user for behavior that violates our Community Guidelines.

Details: